| 000 | 00745nam a2200181Ia 4500 | ||
|---|---|---|---|
| 008 | 100122s9999 xx 000 0 und d | ||
| 082 |
_b20358 _a294.5923 |
||
| 100 | _aओगले केशव ल | ||
| 245 | _aश्रीमन्महाभारतार्थ खंड 12 /BUNDLE-G | ||
| 250 | _a0 | ||
| 260 |
_bमंगेश नारायण कुलकर्णी _c1937 |
||
| 300 | _a671 | ||
| 520 | _aमाळयावर गठ्ठा क्र- 9 | ||
| 620 | _aमाळयावर गठ्ठा क्र- 9 | ||
| 630 | _aश्रीमन्महाभारतार्थ खंड 12 /BUNDLE-G | ||
| 730 | _aश्रीमन्महाभारतार्थ खंड 12 /BUNDLE-G | ||
| 942 | _cBOOK | ||
| 999 |
_c408995 _d408992 |
||